000 00479nam a2200205Ia 4500
003 0100
008 130303s9999 xx 000 0 und d
040 _cARRUPELIB
050 _aBS1525.L383
100 _aLeslie, Elmer A.
245 _aJeremiah
245 _bchronologically arranged, translated and interpreted
260 _aNew York
260 _bAbingdon Press
260 _C1954
300 _a349p.
300 _b 23 cm
650 _bReligion
942 _2lcc
_02
999 _c66329
_d66329